000
00309nam a22001337a 4500
008
171003b xxu||||| |||| 00| 0 eng d
020
_a
0476689640
041
_a
eng
080
_a
15939
100
_a
48
101
_a
PSI
245
_a
A NARRATIVE TEXTBOOK PSYCHOANALYSIS
_c
GIOVACCHI.P
942
_2
udc
_c
BK
999
_c
31462
_d
31462